[Event "División  Honor Aragonesa 2018 "]
[Site "Aragon"]
[Date "2018.02.24"]
[Round "5.14"]
[White "Arjol Lopez, Daniel"]
[Black "Garcia Vicente, Nieves"]
[Result "1/2-1/2"]
[WhiteElo "2042"]
[BlackElo "2174"]
[PlyCount "97"]
[EventDate "2018.??.??"]
[EventType "tourn"]
[EventRounds "10"]
[EventCountry "ESP"]
[WhiteTeam "St. Casablanca B"]
[BlackTeam "Enroque S.M.A."]

1. c4 e6 2. g3 d5 3. Bg2 dxc4 4. Qa4+ Nd7 5. Qxc4 c5 6. Nf3 a6 7. a4 b5 8. Qc2
Bb7 9. axb5 axb5 10. Rxa8 Qxa8 11. Na3 Qa6 12. O-O Ngf6 13. d4 b4 14. Nc4 Be4
15. Qb3 Bd5 16. Nfe5 Bxg2 17. Kxg2 cxd4 18. Rd1 Nxe5 19. Nxe5 Bc5 20. Qc2 Qb5
21. Nd3 Qb7+ 22. Kg1 Bd6 23. Qa4+ Ke7 24. Bf4 Bxf4 25. gxf4 Rb8 26. Ne5 Rc8 27.
Rxd4 Nd5 28. h4 Rc1+ 29. Kh2 Kf6 30. Qe8 Rc8 31. Ng4+ Kf5 32. Rxd5+ Kxg4 33.
Rd7 Rxe8 34. Rxb7 f5 35. Rxb4 Re7 36. f3+ Kxh4 37. Rb6 e5 38. fxe5 Rxe5 39.
Rb4+ Kh5 40. e4 fxe4 41. Rxe4 Rd5 42. b4 Kg5 43. Kg3 h5 44. Rc4 Rd1 45. Rc5+
Kg6 46. b5 Rb1 47. Rc6+ Kf5 48. Rc5+ Kg6 49. Rc6+ 1/2-1/2

[Event "División  Honor Aragonesa 2018 "]
[Site "Aragon"]
[Date "2018.02.24"]
[Round "5.15"]
[White "Escuer Sanchez, Nestor"]
[Black "Sanjulian Arruga, Pablo"]
[Result "0-1"]
[WhiteElo "2074"]
[BlackElo "1788"]
[PlyCount "74"]
[EventDate "2018.??.??"]
[EventType "tourn"]
[EventRounds "10"]
[EventCountry "ESP"]
[WhiteTeam "Enroque S.M.A."]
[BlackTeam "St. Casablanca B"]

1. e4 c5 2. Nc3 Nc6 3. g3 g6 4. Bg2 Bg7 5. f4 d6 6. Nf3 Nf6 7. d3 O-O 8. O-O
Nd7 9. Be3 Rb8 10. Qd2 b5 11. h3 b4 12. Nd1 a5 13. f5 Nde5 14. Bh6 Nxf3+ 15.
Rxf3 Ne5 16. Rf2 Bb7 17. Bxg7 Kxg7 18. Ne3 Qb6 19. Raf1 Rbc8 20. f6+ exf6 21.
Rxf6 c4 22. Qf2 cxd3 23. Nf5+ gxf5 24. Qxb6 dxc2 25. R6xf5 c1=Q 26. Rxc1 Rxc1+
27. Kh2 Bc6 28. Qd4 Rc2 29. Qxd6 f6 30. Qd4 Rf7 31. g4 Rd7 32. Qe3 Rdd2 33. g5
Rxg2+ 34. Kh1 Rh2+ 35. Kg1 Rcg2+ 36. Kf1 Bb5+ 37. Ke1 Rh1+ 0-1

[Event "División  Honor Aragonesa 2018 "]
[Site "Aragon"]
[Date "2018.02.24"]
[Round "5.16"]
[White "Ayensa Garcia, Miguel Angel"]
[Black "Andreu Sin, Raul"]
[Result "1/2-1/2"]
[WhiteElo "1779"]
[BlackElo "2041"]
[PlyCount "43"]
[EventDate "2018.??.??"]
[EventType "tourn"]
[EventRounds "10"]
[EventCountry "ESP"]
[WhiteTeam "St. Casablanca B"]
[BlackTeam "Enroque S.M.A."]

1. c4 e6 2. g3 Nf6 3. Bg2 d5 4. Nf3 Be7 5. O-O O-O 6. b3 b6 7. Bb2 Bb7 8. e3 c5
9. Nc3 Nc6 10. cxd5 exd5 11. d4 Rc8 12. Rc1 c4 13. Ne5 cxb3 14. Nxc6 Rxc6 15.
Qxb3 Rc8 16. Bh3 Rb8 17. a4 Ne4 18. Nxe4 dxe4 19. Rc3 Bc8 20. Bxc8 Rxc8 21.
Rfc1 Rxc3 22. Qxc3 1/2-1/2

[Event "División  Honor Aragonesa 2018 "]
[Site "Aragon"]
[Date "2018.02.24"]
[Round "5.17"]
[White "Gavin Roche, Enrique"]
[Black "Salamero Pelay, Fernando"]
[Result "1-0"]
[WhiteElo "2231"]
[BlackElo "2155"]
[PlyCount "39"]
[EventDate "2018.??.??"]
[EventType "tourn"]
[EventRounds "10"]
[EventCountry "ESP"]
[WhiteTeam "ONCE C.A. Aragon"]
[BlackTeam "Atletismo Huesca"]

1. d4 d5 2. c4 dxc4 3. Nf3 c6 4. e3 Be6 5. a4 Nf6 6. Na3 Bd5 7. Nxc4 e6 8. Bd3
c5 9. Nce5 Nc6 10. O-O cxd4 11. Nxf7 Kxf7 12. Ng5+ Kg8 13. e4 h6 14. exd5 hxg5
15. dxc6 Bd6 16. g3 Qc7 17. Bxg5 Kf7 18. Re1 Qxc6 19. Bxf6 Kxf6 20. Qg4 1-0

[Event "División  Honor Aragonesa 2018 "]
[Site "Aragon"]
[Date "2018.02.24"]
[Round "5.18"]
[White "Abril Avellanas, Eduardo"]
[Black "Laliena Solanes, Luis"]
[Result "0-1"]
[WhiteElo "2142"]
[BlackElo "2140"]
[PlyCount "76"]
[EventDate "2018.??.??"]
[EventType "tourn"]
[EventRounds "10"]
[EventCountry "ESP"]
[WhiteTeam "Atletismo Huesca"]
[BlackTeam "ONCE C.A. Aragon"]

1. c4 e5 2. g3 Nf6 3. Bg2 Nc6 4. Nc3 Bc5 5. e3 d6 6. Nge2 O-O 7. O-O Bf5 8. d4
Bb6 9. Na4 Qd7 10. Nxb6 axb6 11. f3 Bh3 12. d5 Nb4 13. Nc3 Bxg2 14. Kxg2 c6 15.
e4 Qc7 16. Be3 cxd5 17. cxd5 Qc4 18. Qb3 Qxb3 19. axb3 Rxa1 20. Rxa1 Nc2 21.
Rc1 Nxe3+ 22. Kf2 Neg4+ 23. fxg4 Nxg4+ 24. Kf3 Nxh2+ 25. Kg2 Ng4 26. Nb5 f5 27.
exf5 Ne3+ 28. Kg1 Nxf5 29. g4 Nd4 30. Nxd4 exd4 31. Rd1 Rf4 32. Kg2 Rxg4+ 33.
Kf3 Rh4 34. Kg3 Re4 35. Kf3 Re3+ 36. Kf4 Rxb3 37. Rxd4 Rxb2 38. Kf5 Re2 0-1

[Event "División  Honor Aragonesa 2018 "]
[Site "Aragon"]
[Date "2018.02.24"]
[Round "5.19"]
[White "Latorre Abad, Fernando"]
[Black "Luis Vitalla, Fernando"]
[Result "1/2-1/2"]
[WhiteElo "2094"]
[BlackElo "2116"]
[PlyCount "89"]
[EventDate "2018.??.??"]
[EventType "tourn"]
[EventRounds "10"]
[EventCountry "ESP"]
[WhiteTeam "ONCE C.A. Aragon"]
[BlackTeam "Atletismo Huesca"]

1. e4 c5 2. Nf3 Nf6 3. Nc3 d5 4. Bb5+ Nc6 5. exd5 Nxd5 6. O-O Bg4 7. h3 Bxf3 8.
Qxf3 e6 9. Bxc6+ bxc6 10. d3 Be7 11. Be3 O-O 12. Na4 Rb8 13. b3 Nxe3 14. fxe3
Bf6 15. Rab1 Qd6 16. Nb2 Bxb2 17. Rxb2 Qd5 18. Rbb1 Qxf3 19. Rxf3 Rfd8 20. Rbf1
f6 21. Rf4 Rb4 22. a3 Rb5 23. Ra4 a5 24. Rc4 Rd5 25. Re4 Rd6 26. Rc4 Rd5 27.
Re4 Rd6 28. Rf3 Kf7 29. Kf2 Ke7 30. Rc4 Rd5 31. Rh4 Rg5 32. Rxh7 a4 33. h4 Rg4
34. Rf4 Rxf4+ 35. exf4 Kf7 36. Rh5 axb3 37. cxb3 Kg6 38. Rh8 Rxb3 39. Rc8 Rxd3
40. Rxc6 Rxa3 41. Rxc5 f5 42. Re5 Kf6 43. Re3 Rxe3 44. Kxe3 e5 45. fxe5+
1/2-1/2

[Event "División  Honor Aragonesa 2018 "]
[Site "Aragon"]
[Date "2018.02.24"]
[Round "5.20"]
[White "Gella Lopez, Angel"]
[Black "Fuertes Garay, Javier"]
[Result "1-0"]
[WhiteElo "2110"]
[BlackElo "2040"]
[PlyCount "89"]
[EventDate "2018.??.??"]
[EventType "tourn"]
[EventRounds "10"]
[EventCountry "ESP"]
[WhiteTeam "Atletismo Huesca"]
[BlackTeam "ONCE C.A. Aragon"]

1. d4 Nf6 2. c4 c5 3. d5 e6 4. Nc3 exd5 5. cxd5 d6 6. e4 g6 7. Bd3 Bg7 8. h3
O-O 9. Bg5 h6 10. Be3 a6 11. a4 Nbd7 12. Nf3 Re8 13. O-O b6 14. Re1 Bb7 15. Bf4
Qc7 16. Qd2 Kh7 17. b3 Rad8 18. Rad1 Nh5 19. Bh2 Ne5 20. Nxe5 Bxe5 21. Bxe5
Rxe5 22. f4 Re7 23. Be2 Ng7 24. Bf3 Qd7 25. e5 Ne8 26. Ne4 dxe5 27. d6 Re6 28.
fxe5 Rxe5 29. Nf6+ Nxf6 30. Rxe5 Bxf3 31. gxf3 Qxh3 32. Qg2 Qc8 33. Re7 Rd7 34.
Qe2 Qd8 35. Qe5 Ng8 36. Re8 Qf6 37. Qxf6 Nxf6 38. Rb8 b5 39. axb5 axb5 40. Rxb5
Rd8 41. Rxc5 Nd7 42. Rc7 g5 43. Re1 Nb6 44. d7 Nd5 45. Re8 1-0

[Event "División  Honor Aragonesa 2018 "]
[Site "Aragon"]
[Date "2018.02.24"]
[Round "5.21"]
[White "Garza Marco, Sergio"]
[Black "Roche Simon, Manuel Angel"]
[Result "1-0"]
[WhiteElo "2418"]
[BlackElo "2210"]
[PlyCount "121"]
[EventDate "2018.??.??"]
[EventType "tourn"]
[EventRounds "10"]
[EventCountry "ESP"]
[WhiteTeam "Helios"]
[BlackTeam "Delicias"]

1. e4 c5 2. Nc3 Nc6 3. Bb5 Nd4 4. Bc4 g6 5. Nf3 Bg7 6. Nxd4 cxd4 7. Qf3 e6 8.
Nb5 d6 9. Qa3 Ke7 10. c3 dxc3 11. dxc3 a6 12. Be2 b6 13. c4 Bb7 14. Nc3 e5 15.
O-O Nf6 16. f3 Qc7 17. Be3 Nd7 18. Rac1 Rhc8 19. Rfd1 Bf8 20. b3 f5 21. exf5
gxf5 22. Qb2 Kf6 23. Qd2 f4 24. Bf2 Kg7 25. Bd3 Rcb8 26. Be4 Nf6 27. Bxb7 Rxb7
28. Bh4 Ne8 29. Nd5 Qf7 30. a4 Kh8 31. Bf2 Rab8 32. Nc3 Nc7 33. Ne4 Ne8 34. Rc3
Qg6 35. Rd3 Rg7 36. g4 h5 37. g5 Nf6 38. Rxd6 Nxe4 39. Rxg6 Nxd2 40. Rxg7 Nxf3+
41. Kg2 Kxg7 42. Kxf3 Kg6 43. Ke4 Kxg5 44. Rd5 Bc5 45. Rxe5+ Kg4 46. Be1 Rf8
47. b4 Bg1 48. h4 f3 49. Rg5+ Kh3 50. Rxg1 f2 51. Bxf2 Rxf2 52. Rg6 b5 53. Rxa6
bxc4 54. Kd4 Kxh4 55. Rh6 Rc2 56. a5 Kg5 57. Rh8 c3 58. a6 Ra2 59. b5 c2 60.
Rc8 Ra5 61. Rxc2 1-0

[Event "División  Honor Aragonesa 2018 "]
[Site "Aragon"]
[Date "2018.02.24"]
[Round "5.22"]
[White "Lamas Mercadal, Manuel"]
[Black "Calvo Simon, Jorge"]
[Result "1-0"]
[WhiteElo "2133"]
[BlackElo "2223"]
[PlyCount "47"]
[EventDate "2018.??.??"]
[EventType "tourn"]
[EventRounds "10"]
[EventCountry "ESP"]
[WhiteTeam "Delicias"]
[BlackTeam "Helios"]

1. e4 c5 2. d4 cxd4 3. c3 dxc3 4. Nxc3 Nc6 5. Nf3 e6 6. Bc4 Bb4 7. O-O Nge7 8.
Qc2 O-O 9. Rd1 a6 10. Be3 Qa5 11. Na4 Ng6 12. Nb6 Rb8 13. a3 Be7 14. b4 Qh5 15.
Be2 Nge5 16. Bf4 Nxf3+ 17. Bxf3 Qb5 18. Bxb8 Qxb6 19. Bf4 Bf6 20. Rac1 Bd4 21.
Bd6 Re8 22. e5 g6 23. Bxc6 dxc6 24. Qd2 1-0

[Event "División  Honor Aragonesa 2018 "]
[Site "Aragon"]
[Date "2018.02.24"]
[Round "5.23"]
[White "Navarro Alonso, Jorge"]
[Black "Neila Castillo, Miguel Angel"]
[Result "1-0"]
[WhiteElo "2190"]
[BlackElo "2128"]
[PlyCount "45"]
[EventDate "2018.??.??"]
[EventType "tourn"]
[EventRounds "10"]
[EventCountry "ESP"]
[WhiteTeam "Helios"]
[BlackTeam "Delicias"]

1. e4 c5 2. Nc3 Nc6 3. Bc4 e6 4. d3 Nge7 5. a3 d5 6. Ba2 d4 7. Nce2 b5 8. f4
Bb7 9. Nf3 Nc8 10. O-O Be7 11. c3 Nb6 12. cxd4 cxd4 13. Qe1 Qd7 14. Bd2 O-O-O
15. Rc1 Kb8 16. Qg3 f5 17. exf5 exf5 18. Qxg7 Ka8 19. Ng3 Nd5 20. Ne5 Nxe5 21.
Qxe5 Rhg8 22. Bxd5 Bxd5 23. Rc7 1-0

[Event "División  Honor Aragonesa 2018 "]
[Site "Aragon"]
[Date "2018.02.24"]
[Round "5.24"]
[White "Llanes Luno, Pedro Alfredo"]
[Black "Cerrajeria Ruiz, Jesus Maria"]
[Result "0-1"]
[WhiteElo "2032"]
[BlackElo "2142"]
[PlyCount "54"]
[EventDate "2018.??.??"]
[EventType "tourn"]
[EventRounds "10"]
[EventCountry "ESP"]
[WhiteTeam "Delicias"]
[BlackTeam "Helios"]

1. Nf3 g6 2. d4 Bg7 3. e4 c5 4. d5 Nf6 5. e5 Ng4 6. Qe2 d6 7. Bf4 O-O 8. Nc3
Qa5 9. a3 Nd7 10. Bd2 Ndxe5 11. Nxe5 Nxe5 12. f4 Ng4 13. h3 Nf6 14. O-O-O Qc7
15. g4 a6 16. f5 b5 17. Re1 b4 18. axb4 cxb4 19. Nd1 Qa5 20. Kb1 Nxd5 21. Qd3
Bb7 22. Rh2 Rab8 23. h4 Nc3+ 24. Bxc3 bxc3 25. b3 Bd5 26. Qxa6 Qc5 27. Rxe7 Ra8
0-1

[Event "División  Honor Aragonesa 2018 "]
[Site "Aragon"]
[Date "2018.02.24"]
[Round "5.26"]
[White "Sancho Cortes, Miguel Angel"]
[Black "Lopez Gracia, Fernando"]
[Result "1/2-1/2"]
[WhiteElo "2048"]
[BlackElo "2302"]
[PlyCount "101"]
[EventDate "2018.??.??"]
[EventType "tourn"]
[EventRounds "10"]
[EventCountry "ESP"]
[WhiteTeam "Marcos Frechin"]
[BlackTeam "Ibercaja"]

1. e4 e5 2. Nf3 Nc6 3. Bb5 Nd4 4. Nxd4 exd4 5. Bc4 h5 6. d3 Bc5 7. O-O c6 8.
Qf3 Qe7 9. Qg3 Nf6 10. e5 Ng4 11. h3 d5 12. exd6 Bxd6 13. Bf4 h4 14. Qf3 Ne5
15. Bxe5 Qxe5 16. Qe4 Qxe4 17. dxe4 b5 18. Be2 Be6 19. Nd2 Ke7 20. a4 b4 21.
Bc4 Bf4 22. Bxe6 Bxd2 23. Bc4 Bf4 24. Rfd1 Rad8 25. Rd3 Be5 26. a5 f6 27. a6
Rb8 28. Kf1 g5 29. Ke2 Rhd8 30. Kf3 Rb6 31. Kg4 Rbb8 32. g3 hxg3 33. fxg3 Rh8
34. Rh1 Rh7 35. b3 Kd6 36. Rf3 Rbh8 37. Rd3 Rg7 38. Rf1 Rgh7 39. Rh1 Rg7 40.
Rf1 Rh6 41. Rh1 Rhh7 42. Rf1 Rg6 43. Rh1 Rh8 44. Rf1 Rgh6 45. Rh1 R8h7 46. Rf3
Rg7 47. Rd3 Ke7 48. Rf3 Rh8 49. Rd3 Kd6 50. Rf1 Rgh7 51. Rh1 1/2-1/2

[Event "División  Honor Aragonesa 2018 "]
[Site "Aragon"]
[Date "2018.02.24"]
[Round "5.27"]
[White "Torcal Miguel, Oscar"]
[Black "Ciriano Lamban, Alejandro"]
[Result "1-0"]
[WhiteElo "2210"]
[BlackElo "2073"]
[PlyCount "155"]
[EventDate "2018.??.??"]
[EventType "tourn"]
[EventRounds "10"]
[EventCountry "ESP"]
[WhiteTeam "Ibercaja"]
[BlackTeam "Marcos Frechin"]

1. e4 c5 2. Nf3 Nc6 3. d4 cxd4 4. Nxd4 Nf6 5. Nc3 e5 6. Ndb5 d6 7. Bg5 a6 8.
Na3 b5 9. Nd5 Be7 10. Bxf6 Bxf6 11. c4 b4 12. Nc2 O-O 13. Be2 a5 14. O-O Bg5
15. Bg4 g6 16. Bxc8 Rxc8 17. Qd3 Kh8 18. a3 f5 19. axb4 axb4 20. b3 fxe4 21.
Qxe4 Ra8 22. Rxa8 Qxa8 23. Nc7 Qc8 24. Qxc6 Bd8 25. Qxd6 Bxc7 26. Qxb4 Qf5 27.
Ne3 Qf7 28. Qc5 h5 29. Nd5 Bb8 30. Qe3 Kg7 31. Qg5 Bd6 32. Qe3 Qf5 33. Nc3 Bb4
34. Ne4 Be7 35. Re1 Qf7 36. Rd1 Qf5 37. h3 h4 38. Rd5 Ra8 39. Qf3 Qe6 40. Qg4
Qb6 41. Qd7 Ra7 42. Qb5 Qe6 43. Rxe5 Qf7 44. Nd2 Qf4 45. Nf1 Bd6 46. Re1 Ra2
47. Qb7+ Kf6 48. Qf3 Qxf3 49. gxf3 Rb2 50. Ne3 Rxb3 51. Nd5+ Kf5 52. Kg2 Rb2
53. Kf1 Bc5 54. Re2 Rb1+ 55. Kg2 Rc1 56. f4 Bd4 57. Kf3 Rxc4 58. Ne3+ Bxe3 59.
fxe3 Rc3 60. Rg2 Rc7 61. Rg5+ Kf6 62. Rg4 Rh7 63. e4 Rh5 64. e5+ Kf5 65. Rg2
Rh6 66. Rg5+ Ke6 67. Ke4 Kf7 68. Rg2 Rh8 69. Rb2 Ra8 70. Rb7+ Ke6 71. Rb6+ Kf7
72. Kf3 Ra3+ 73. Kg4 Ra4 74. Rf6+ Kg7 75. Kg5 Kh7 76. Rxg6 Rxf4 77. Rh6+ Kg7
78. Kxf4 1-0

[Event "División  Honor Aragonesa 2018 "]
[Site "Aragon"]
[Date "2018.02.24"]
[Round "5.28"]
[White "Ruiperez Gumiel, Ramon"]
[Black "Garcia Monterde, Francisco Jos"]
[Result "1-0"]
[WhiteElo "1845"]
[BlackElo "1873"]
[PlyCount "69"]
[EventDate "2018.??.??"]
[EventType "tourn"]
[EventRounds "10"]
[EventCountry "ESP"]
[WhiteTeam "Marcos Frechin"]
[BlackTeam "Ibercaja"]

1. e4 c5 2. b3 Nc6 3. Bb2 d6 4. Bb5 Qb6 5. Nc3 e6 6. Bxc6+ Qxc6 7. Qe2 Nf6 8.
f4 Be7 9. Nf3 a6 10. g4 Nd7 11. O-O-O b5 12. d4 cxd4 13. Nxd4 Qc5 14. g5 Bb7
15. Rhe1 O-O-O 16. a3 Nb6 17. Kb1 Rhe8 18. Rd3 g6 19. Ncxb5 axb5 20. Rc3 Nc4
21. Nxb5 Qxb5 22. Rxc4+ Bc6 23. a4 Qa6 24. Qg4 d5 25. exd5 Rxd5 26. Re5 Kb7 27.
Qh3 Bd6 28. Qxh7 Bxe5 29. Bxe5 Rd1+ 30. Kb2 Rd7 31. Qh3 Rc8 32. Qc3 Ka8 33. Qb4
Bb7 34. Rxc8+ Bxc8 35. Qb8# 1-0

[Event "División  Honor Aragonesa 2018 "]
[Site "Aragon"]
[Date "2018.02.24"]
[Round "5.29"]
[White "Sierra Aguerri, Joaquin"]
[Black "Nicolas Zapata, Irene"]
[Result "1-0"]
[WhiteElo "2074"]
[BlackElo "2244"]
[PlyCount "81"]
[EventDate "2018.??.??"]
[EventType "tourn"]
[EventRounds "10"]
[EventCountry "ESP"]
[WhiteTeam "Tauste"]
[BlackTeam "Teruel"]

1. d4 Nf6 2. Bf4 d5 3. e3 g6 4. Be2 Bg7 5. h3 O-O 6. Nf3 c5 7. c3 a5 8. a4 Qb6
9. Na3 Bd7 10. Nb5 Bxb5 11. Bxb5 c4 12. O-O Ne4 13. Nd2 Nd6 14. Bxd6 exd6 15.
Qf3 Na6 16. Qxd5 Nc7 17. Qxc4 Nxb5 18. axb5 Kh8 19. Qd5 Qc7 20. Ra4 f5 21. f4
Qe7 22. Nc4 Rf6 23. b4 Bh6 24. bxa5 g5 25. a6 gxf4 26. axb7 Rb8 27. Ra8 Rff8
28. Rxb8 Rxb8 29. Qxd6 Qxd6 30. Nxd6 fxe3 31. Nf7+ Kg7 32. Nxh6 e2 33. Nxf5+
Kf6 34. Re1 Kxf5 35. Rxe2 Rxb7 36. Re5+ Kf6 37. Kf2 Rc7 38. Rc5 Rb7 39. Ke3 Ke6
40. c4 Rg7 41. b6 1-0

[Event "División  Honor Aragonesa 2018 "]
[Site "Aragon"]
[Date "2018.02.24"]
[Round "5.30"]
[White "Garcia Fernandez, Javier"]
[Black "Fernandez Rubio, Rafael"]
[Result "1-0"]
[WhiteElo "2148"]
[BlackElo "2056"]
[PlyCount "69"]
[EventDate "2018.??.??"]
[EventType "tourn"]
[EventRounds "10"]
[EventCountry "ESP"]
[WhiteTeam "Teruel"]
[BlackTeam "Tauste"]

1. e4 d6 2. d4 Nf6 3. Nc3 Nbd7 4. f4 e5 5. Nf3 exd4 6. Qxd4 c6 7. Bd2 d5 8.
O-O-O Bc5 9. Qd3 O-O 10. exd5 Ng4 11. Ne4 f5 12. Nxc5 Nxc5 13. Qd4 Ne4 14. Bb4
c5 15. Bxc5 Rf6 16. d6 Ngf2 17. Bc4+ Kh8 18. Ng5 Nxh1 19. Rxh1 h6 20. Nf7+ Rxf7
21. Bxf7 Qd7 22. Bb3 b6 23. Ba3 Bb7 24. Bd5 Bxd5 25. Qxd5 Rc8 26. Rd1 a5 27. g4
Nf2 28. Re1 fxg4 29. Re7 Qa4 30. Qf5 Rg8 31. d7 Qd4 32. Re1 b5 33. Bc5 Qc4 34.
Bxf2 Qxa2 35. Re8 1-0

[Event "División  Honor Aragonesa 2018 "]
[Site "Aragon"]
[Date "2018.02.24"]
[Round "5.31"]
[White "Sancho Casale, Jesus"]
[Black "Dominguez Bujeda, Jesus"]
[Result "1/2-1/2"]
[WhiteElo "2005"]
[BlackElo "2097"]
[PlyCount "80"]
[EventDate "2018.??.??"]
[EventType "tourn"]
[EventRounds "10"]
[EventCountry "ESP"]
[WhiteTeam "Tauste"]
[BlackTeam "Teruel"]

1. e4 c5 2. Nf3 Nc6 3. d4 cxd4 4. Nxd4 g6 5. c4 Nf6 6. Nc3 d6 7. f3 Nxd4 8.
Qxd4 Bg7 9. Be3 O-O 10. Qd2 Qa5 11. Be2 Be6 12. Rc1 Rfc8 13. b3 a6 14. O-O b5
15. Nd5 Qxd2 16. Bxd2 Nxd5 17. cxd5 Bd4+ 18. Kh1 Bd7 19. Rxc8+ Rxc8 20. Rc1
Rxc1+ 21. Bxc1 f5 22. g4 fxe4 23. fxe4 Kf7 24. Kg2 e6 25. Kf3 Be5 26. h3 Bc8
27. Bf4 Bxf4 28. Kxf4 e5+ 29. Kg5 Kg7 30. b4 h6+ 31. Kh4 Kf6 32. Kg3 Bd7 33. h4
Be8 34. Kf3 Bd7 35. Ke3 Bc8 36. Kd2 Ke7 37. Kc3 Bd7 38. g5 h5 39. a4 Kd8 40. a5
Ke7 1/2-1/2

[Event "División  Honor Aragonesa 2018 "]
[Site "Aragon"]
[Date "2018.02.24"]
[Round "5.32"]
[White "Martin Catalan, Juan Vicente"]
[Black "Muro Turon, Raul"]
[Result "1/2-1/2"]
[WhiteElo "2055"]
[BlackElo "1884"]
[PlyCount "81"]
[EventDate "2018.??.??"]
[EventType "tourn"]
[EventRounds "10"]
[EventCountry "ESP"]
[WhiteTeam "Teruel"]
[BlackTeam "Tauste"]

1. d4 Nf6 2. Bf4 e6 3. e3 c5 4. c3 Nc6 5. Nd2 d5 6. Ngf3 Bd6 7. Ne5 Qc7 8. Ndf3
Nd7 9. Nxd7 Bxd7 10. Bg3 cxd4 11. exd4 O-O 12. Be2 f6 13. O-O Bxg3 14. hxg3 Be8
15. Ne1 Bg6 16. Bd3 Bf7 17. Qc2 g6 18. Qe2 Rae8 19. Bb5 e5 20. dxe5 Rxe5 21.
Qd2 Qb6 22. Bxc6 bxc6 23. Nf3 Re4 24. Rfe1 Rfe8 25. b4 Rxe1+ 26. Rxe1 Rxe1+ 27.
Qxe1 c5 28. bxc5 Qxc5 29. Nd4 Qc4 30. Qd2 a5 31. g4 a4 32. a3 Kg7 33. Qb2 Qd3
34. Qc2 Qc4 35. Qd2 Kg8 36. Qb2 Qd3 37. Qb4 Qd1+ 38. Kh2 Qxg4 39. Qxa4 Qf4+ 40.
Kg1 Qc1+ 41. Kh2 1/2-1/2

[Event "Cto Aragon Equipos Pref Gr I "]
[Site "Aragon"]
[Date "2018.02.24"]
[Round "5.33"]
[White "Delgado Crespo, Mairelys"]
[Black "Lopez Caudevilla, David"]
[Result "1/2-1/2"]
[WhiteElo "2250"]
[BlackElo "2115"]
[PlyCount "143"]
[EventDate "2018.??.??"]
[EventType "tourn"]
[EventRounds "9"]
[EventCountry "ESP"]
[WhiteTeam "Jaime Casas B"]
[BlackTeam "Actur Rey Fernando"]

1. e4 g6 2. d4 Bg7 3. Nc3 c6 4. Nf3 d5 5. h3 Nf6 6. e5 Ne4 7. Nxe4 dxe4 8. Ng5
c5 9. c3 cxd4 10. cxd4 Nc6 11. Be3 Qa5+ 12. Qd2 Qxd2+ 13. Kxd2 O-O 14. Rd1 h6
15. Nxe4 Be6 16. Nc3 Rfd8 17. Kc1 Nb4 18. a3 Nd5 19. Nxd5 Bxd5 20. Rd3 f6 21.
exf6 exf6 22. Rc3 Kh7 23. f3 Re8 24. Bb5 Re7 25. Re1 a6 26. Bc4 Bxc4 27. Rxc4
Rae8 28. Kd2 f5 29. Bf2 Bf6 30. Rxe7+ Rxe7 31. Kd3 Kg7 32. Bg3 Kf7 33. Rc7 Ke6
34. Kc4 Rxc7+ 35. Bxc7 Be7 36. a4 Bf8 37. b4 Be7 38. b5 Bf8 39. Bb6 h5 40. Bc5
Bh6 41. bxa6 bxa6 42. Bb4 Bg5 43. Bf8 Bc1 44. Bg7 Ba3 45. Bh6 Be7 46. Bf4 Bf8
47. d5+ Kd7 48. Kd4 Bb4 49. g4 fxg4 50. fxg4 hxg4 51. hxg4 Bf8 52. Bg3 Be7 53.
Ke4 Bc5 54. Be5 Ba3 55. Kf4 Bc1+ 56. Kg3 Ba3 57. Bf4 Bb4 58. Kh4 Be7+ 59. Bg5
Bb4 60. Bf6 Bd2 61. Be5 Bc1 62. Kg3 Ba3 63. Kf3 Bc1 64. Ke4 Ba3 65. Bc3 Bf8 66.
Kd4 Bg7+ 67. Kc4 Bf8 68. Bb4 Bh6 69. d6 Kc6 70. Kd4 Bf4 71. d7 Kxd7 72. Kd5
1/2-1/2

[Event "Cto Aragon Equipos Pref Gr I "]
[Site "Aragon"]
[Date "2018.02.24"]
[Round "5.34"]
[White "Aviol Perez, Jose Mariano"]
[Black "Maza Broto, Pablo"]
[Result "0-1"]
[WhiteElo "1786"]
[BlackElo "2076"]
[PlyCount "48"]
[EventDate "2018.??.??"]
[EventType "tourn"]
[EventRounds "9"]
[EventCountry "ESP"]
[WhiteTeam "Actur Rey Fernando"]
[BlackTeam "Jaime Casas B"]

1. d4 Nf6 2. Nf3 g6 3. Nc3 d6 4. e4 Bg7 5. Bg5 c6 6. Qd2 Bg4 7. Bh6 O-O 8. Bxg7
Kxg7 9. Ng5 h6 10. h3 Bd7 11. Nf3 Qa5 12. Bd3 e5 13. O-O-O Be6 14. Kb1 b5 15.
d5 cxd5 16. exd5 b4 17. dxe6 bxc3 18. Qxc3 Qxc3 19. bxc3 e4 20. e7 Rc8 21. Be2
exf3 22. Bxf3 Nc6 23. Rxd6 Rab8+ 24. Kc1 Nxe7 0-1

[Event "Cto Aragon Equipos Pref Gr I "]
[Site "Aragon"]
[Date "2018.02.24"]
[Round "5.35"]
[White "Rodriguez Leiva, Manuel"]
[Black "Arbiol Val, Sergio"]
[Result "1-0"]
[WhiteElo "1935"]
[BlackElo "1631"]
[PlyCount "95"]
[EventDate "2018.??.??"]
[EventType "tourn"]
[EventRounds "9"]
[EventCountry "ESP"]
[WhiteTeam "Jaime Casas B"]
[BlackTeam "Actur Rey Fernando"]

1. c4 e5 2. Nc3 Nf6 3. g3 Bc5 4. Bg2 O-O 5. Nf3 Nc6 6. O-O d6 7. a3 a5 8. d3
Re8 9. Bg5 h6 10. Bh4 Bg4 11. Nd5 e4 12. Bxf6 gxf6 13. dxe4 Rxe4 14. Qd2 Kg7
15. Rac1 Nd4 16. Nxd4 Rxd4 17. Qc2 Bh5 18. e3 Bg6 19. Qe2 Bd3 20. Qf3 Bxf1 21.
Kxf1 Rd2 22. Qg4+ Kh8 23. Qf4 Qf8 24. Nxf6 Qg7 25. Rb1 Qg5 26. Qf3 c6 27. Ne4
Rxf2+ 28. Kxf2 Qg6 29. Qf6+ Kg8 30. Qxg6+ fxg6 31. Nxc5 dxc5 32. Rd1 b5 33.
Bxc6 Rf8+ 34. Kg2 b4 35. Rd6 Kg7 36. Be4 Re8 37. Kf3 g5 38. Rg6+ Kf7 39. Rxh6
g4+ 40. Kf4 Rf8 41. Rc6 Ke7+ 42. Bf5 Rh8 43. Rxc5 Rxh2 44. Rxa5 Rxb2 45. axb4
Rxb4 46. Rc5 Kd6 47. Rc8 Ra4 48. e4 1-0

[Event "Cto Aragon Equipos Pref Gr I "]
[Site "Aragon"]
[Date "2018.02.24"]
[Round "5.36"]
[White "Fernandez Sierra, Pedro Jose"]
[Black "Olivan Alvira, Alejandro"]
[Result "1/2-1/2"]
[WhiteElo "1541"]
[BlackElo "1512"]
[PlyCount "46"]
[EventDate "2018.??.??"]
[EventType "tourn"]
[EventRounds "9"]
[EventCountry "ESP"]
[WhiteTeam "Actur Rey Fernando"]
[BlackTeam "Jaime Casas B"]

1. e4 d5 2. exd5 Qxd5 3. Nc3 Qa5 4. Nf3 Nf6 5. Bc4 Bf5 6. d4 Ne4 7. Bd2 Nxd2 8.
Qxd2 c6 9. a3 e6 10. O-O Be7 11. b4 Qc7 12. Bd3 Bg6 13. Rfe1 Nd7 14. Ne4 O-O
15. Ng3 Bxd3 16. Qxd3 Nf6 17. c4 a6 18. Ne4 Rfd8 19. Qe2 Qf4 20. Rad1 Bf8 21.
Nxf6+ Qxf6 22. Qe5 Qxe5 23. dxe5 Be7 1/2-1/2

[Event "Cto Aragon Equipos Pref Gr I "]
[Site "Aragon"]
[Date "2018.02.24"]
[Round "5.37"]
[White "Gimeno Oteo, Marco Antonio"]
[Black "Vallverdu Miret, Oscar"]
[Result "0-1"]
[WhiteElo "2104"]
[BlackElo "2082"]
[PlyCount "40"]
[EventDate "2018.??.??"]
[EventType "tourn"]
[EventRounds "9"]
[EventCountry "ESP"]
[WhiteTeam "San Jose"]
[BlackTeam "Fraga"]

1. e4 d5 2. d4 dxe4 3. Nc3 Nf6 4. f3 Bf5 5. fxe4 Nxe4 6. Qf3 Nd6 7. Bf4 e6 8.
O-O-O Be7 9. g4 Bg6 10. h4 h5 11. g5 c6 12. Bd3 Nf5 13. Bxb8 Qxb8 14. d5 cxd5
15. Nxd5 Bd6 16. Ne2 O-O 17. Ndf4 Bxf4+ 18. Nxf4 Nd4 19. Qf2 Bxd3 20. Rxd3
Qxf4+ 0-1